Introduction to macromolecular science /
Guardado en:
| Autor Principal: | |
|---|---|
| Formato: | Libro |
| Idioma: | English |
| Publicado: |
New York :
Wiley,
c1989.
|
| Materias: | |
| Acceso en línea: | Tabla de contenido Biografía del autor Descripción |
| Etiquetas: |
Agregar Etiqueta
Sin Etiquetas, Sea el primero en etiquetar este registro!
|
| LEADER | 01005pam a22002655a 4500 | ||
|---|---|---|---|
| 001 | EIQ.libpla000929 | ||
| 008 | 881223s1989####nyuao####b####001#0#eng#d | ||
| 005 | 20060623125827.0 | ||
| 245 | 1 | 0 | |a Introduction to macromolecular science / |c Petr Munk. |
| 260 | |a New York : |b Wiley, |c c1989. | ||
| 300 | |a xv, 522 p. : |b il., fotos ; |c 24 cm. | ||
| 500 | |a "A Wiley-Interscience publication." | ||
| 504 | |a Bibliografía: p. 501-507. | ||
| 500 | |a Incluye índice. | ||
| 020 | |a 047183212X | ||
| 100 | 1 | |a Munk, Petr. | |
| 082 | 0 | 0 | |a 547.7 |2 19 |
| 650 | 4 | |a Macromoléculas |x Introducción. | |
| 650 | 4 | |a Macromolecules |x Introduction. | |
| 010 | |a 88026873 | ||
| 040 | |a DLC |c DLC |d AR-BbSID | ||
| 856 | 4 | |3 Tabla de contenido |u http://www.loc.gov/catdir/toc/onix01/88026873.html | |
| 856 | 4 | 2 | |3 Biografía del autor |u http://www.loc.gov/catdir/enhancements/fy0607/88026873-b.html |
| 856 | 4 | 2 | |3 Descripción |u http://www.loc.gov/catdir/enhancements/fy0607/88026873-d.html |
| 859 | |a AR-BbSID |b BIB. PLAPIQUI |h 547.7 |i M 92 |p 4382 | ||
